000 00709nam a2200229Ia 4500
001 1323
003 GE_BSU
008 181216s||||||||xx |||||||||||||| ||und||
040 _cGE_BSU
080 _a597.2/5
100 _aანდრეევი,იური
245 _aწყალქვეშეთი ჩვენს ოთახში.
245 _c[რედ. მ დემეტრაშვილი]
260 _aთბილისი
260 _bნაკადული
260 _c1989
300 _a119 გვ. 19 სმ.
541 _h2 ლ.
653 _aზოოლოგია
653 _aწყალქვეშეთი ჩვენს ოთახში.
942 _cBK
999 _c35465
_d35465